Filologia angielska Zeszyt 48

Uložené v:
Podrobná bibliografia
Médium: Kniha
Jazyk:Polish
Vydané: Łódź : Uniwersytet Łódzki, 1967.
Edícia:Zeszyty Naukowe Uniwersytetu Łódzkiego Nauki Humanistyczno-Społeczne
ISBN: (brož.)
Fyzický popis: 147 s.
Tagy: Pridať tag
Žiadne tagy, Buďte prvý kto otaguje tento záznam!

MARC

LEADER 00000nam a22000004a 4500
001 000510708
005 20160629180521.0
008 160629s1967 pl e 000 0 pol d
020 |a (brož.)  |c Kčs 7,90 
040 |a SVKKK  |b slo  |c SVKKK  |e AACR2 
041 0 |a pol 
044 |a pl  |c PL 
245 0 0 |a Filologia angielska  |n Zeszyt 48 
260 |a Łódź :  |b Uniwersytet Łódzki,  |c 1967. 
300 |a 147 s. 
490 1 |a Zeszyty Naukowe Uniwersytetu Łódzkiego. Nauki Humanistyczno-Społeczne  |n Seria 1 
830 0 |a Zeszyty Naukowe Uniwersytetu Łódzkiego  |n Seria 1  |p Nauki Humanistyczno-Społeczne 
910 |a svkkk 
998 |a BK 
090 |g SCKHL  |k Sklad Pribinova 1. posch.  |a IV.41213  |j 400116  |i 510708-10  |s Absenčne